000 00464nam a22001577a 4500
005 20240109104042.0
008 190527b xxu||||| |||| 00| 0 eng d
020 _a978-93-86084-85-9
041 _aeng
100 _aKHADE, MR. PRASHANT. H. , KAKDE,SUJIT S.,MORE, SMITA ,D. AND CHAULANG,GANESH M.
_98337
245 _aA BOOK OF PHYSICAL PHARMACEUTICAL- I (SEM-III)
250 _a2nd, Ed.2018
260 _aPUNE
_bNIRALI PRAKASHAN
300 _a6.8p,
942 _cBK
999 _c5860
_d5858